| 000 | 00760nam a2200229 a 4500 | ||
|---|---|---|---|
| 001 | 000033542 | ||
| 003 | DO-SdBNP | ||
| 005 | 20240927073748.0 | ||
| 008 | 110331s1970 dr 000 |bspa d | ||
| 040 |
_aDO-SdBNP _bspa _cBNPHU |
||
| 082 |
_a923.57293 _bD985B, 1970 |
||
| 100 | 1 |
_a Balaguer, Joaquín, _d1906-2002 _976556 |
|
| 245 | 1 | 3 |
_aEl centinela de la frontera : _bvida y hazañas de Antonio Duvergé / _cJoaquín Balaguer. |
| 250 | _a2a. ed. | ||
| 260 |
_aSanto Domingo : _bLibrería Hispaniola, _c1970. |
||
| 300 |
_a202 p. ; _c21 cm. |
||
| 490 | 1 |
_aPensamiento Dominicano _v47 |
|
| 600 | 1 | 0 |
_aDuvergé, Antonio, _d1807-1855 _934515 |
| 830 | 0 |
_aPensamiento Dominicano _v47 _919047 |
|
| 910 | _aValidado. Control de calidad MMOLINA | ||
| 942 |
_2ddc _cLBS1 |
||
| 999 |
_c33033 _d33033 |
||